• 首页
  • 本馆介绍
  • 公告通知
  • 最新文献
  • 馆藏检索
  • 电子资源
  • 读者导购
  • 参考咨询
  • 我的图书馆
  • 登录
  • 详细信息显示
  • 放入我的书架
  • 预约/预借图书
  • 作者相关作品
  • 分类相关作品
  • 丛书相关作品
  • 出版社相关作品

书目信息

  • 表格格式
  • 工作单格式
  • 卡片格式
题名:
十大元帅
    
 
作者: 姚有志 主编
分册:   罗荣桓
出版信息: 北京   民主与建设出版社  2017.06
页数: 154页
开本: 22cm
丛书名: 红色将帅
单 册:
中图分类: K825.2 , K825.2=72
科图分类:
主题词:
电子资源:
ISBN: 978-7-5139-1164-1
000 01106nam 2200289 450
001 CAL 0120172217659
005 20171227175950.09
010    @a978-7-5139-1164-1@dCNY26.80
100    @a20170616d2017 em y0chiy50 ea
101 0  @achi
102    @aCN@b110000
105    @aabc z 000yd
200 1  @a十大元帅@Ashi da yuan shuai@i罗荣桓@f姚有志主编
210    @a北京@c民主与建设出版社@d2017.06
215    @a154页@c图, 地图, 肖像@d22cm
225 2  @a红色将帅
330    @a本套系列丛书选取了十大元帅一生中的精彩片段, 全方位展示出十大元帅的一生。在那个前所未有, 风起云涌的时代, 在那个群星璀璨, 英雄辈出的时代, 他们是从硝烟弥漫的战场走来的英雄。本书为罗荣桓元帅, 主要内容包括: 有欢有忧的童年、勤奋好学的“书呆子”等。
410  0 @12001 @a红色将帅
517 1  @a罗荣桓@Aluo rong huan
600  0 @a罗荣桓,@Aluo rong huan@f1902-1963@x生平事迹
601 02 @a中国人民解放军@Azhong guo ren min jie fang jun@x将军@x列传
690    @aK825.2@v5
690    @aK825.2=72@v5
701  0 @a姚有志@Ayao you zhi@4主编
801  0 @aCN@b人天书店@c20170616
905    @aBZT@dK825.2@e73-8
906    @dCNY26.80@n3@r1
    
    十大元帅.罗荣桓/姚有志主编.-北京:民主与建设出版社,2017.06
    154页:图, 地图, 肖像;22cm.-(红色将帅)
    
    
    ISBN 978-7-5139-1164-1:CNY26.80
    本套系列丛书选取了十大元帅一生中的精彩片段, 全方位展示出十大元帅的一生。在那个前所未有, 风起云涌的时代, 在那个群星璀璨, 英雄辈出的时代, 他们是从硝烟弥漫的战场走来的英雄。本书为罗荣桓元帅, 主要内容包括: 有欢有忧的童年、勤奋好学的“书呆子”等。
●
相关链接 在五车中查询图书 在当当中查询图书 在豆瓣中查询图书


正题名:十大元帅     索取号:K825.2/73-8         预约/预借

序号 登录号 条形码 馆藏地/架位号 状态 备注
1 838593   2000838593   思政阅览室/思1架B面2层9列/ [索取号:K825.2/73-8] 在馆    
2 838594   2000838594   第二书库/ [索取号:K825.2/73-8] 在馆    
3 838595   2000838595   第二书库/ [索取号:K825.2/73-8] 在馆    
山东省滨州职业学院图书馆 欢迎您!
大连网信软件有限公司© 版权所有